000 01211nam a2200325 c 4500
003 BLK
005 20200626121721.0
008 180412b bul|||||r ||||||| ||bul||
010 _aKNG00006691000
040 _aBLK
041 _aBUL
_cBUL
080 _aАмериканска литература (на САЩ)
_b821.111(73)
_x-312.4
_z821.111(73)-312.4
100 1 _aУитингтън, Доналд Р.
_eпърви автор
_9132780
700 1 _aДончева, Благовеста
_eпрев. от англ.
_9244431
139 _aУитингтън, Доналд Р.
_bУ 43
245 1 0 _aУбий или умри
_bКримин. роман
_cДоналд Р. Уитингтън; прев. от англ. Благовеста Дончева.
257 _aUSA
260 София
_bАтика
_c1995
300 _a224 с.
_c20 см
380 _aX
490 1 _aСерия Ченге
500 _aОриг. загл. Blood Coin / Donald R. Whittington. - 8 000 тир.
653 _aкрими
653 _aромани
852 _aЦб 182102
856 4 _qpdf
_u
856 4 _qpdf
_u
942 _cKNG
_n0
_010
944 _aCR
_c15.01.2003
_lф /
_kЛюдмила_Стоянова
944 _aED
_c15.04.2013
_lф /
_k
999 _c5500
_d5500